On Managing Yourself / If You Read Nothing Else on Managing Yourself and Read These Definitive Articles from Harvard Business Review (Record no. 9743)
[ view plain ]
| 000 -LEADER | |
|---|---|
| fixed length control field | 00944cam a22001814a 4500 |
| 005 - ΗΜΕΡΟΜΗΝΙΑ ΚΑΙ ΩΡΑ ΤΕΛΕΥΤΑΙΑΣ ΕΝΗΜΕΡΩΣΗΣ | |
| Πεδίο ελέγχου | 20250605163720.0 |
| 008 - FIXED-LENGTH DATA ELEMENTS--GENERAL INFORMATION | |
| Πεδίο ελέγχου σταθερού μήκους | 250528s ||||||||||||||||||||||||d |
| 035 ## - SYSTEM CONTROL NUMBER | |
| System control number | 24908 |
| 020 ## - ISBN | |
| ISBN | 9781422157992 |
| 040 ## - ΠΗΓΗ ΚΑΤΑΛΟΓΟΓΡΑΦΗΣΗΣ | |
| Φορέας πρωτότυπης καταλογογράφησης | MC Athens Campus Library |
| Γλώσσα καταλογογράφησης | Ελληνικά, Μοντέρνα (1453-) |
| Modifying agency | MC Athens Campus Library |
| Κανόνες περιγραφικής καταλογογράφησης | AACR2 |
| 245 1# - ΤΙΤΛΟΣ ΚΑΙ ΔΗΛΩΣΗ ΥΠΕΥΘΥΝΟΤΗΤΑΣ | |
| Τίτλος | On Managing Yourself / If You Read Nothing Else on Managing Yourself and Read These Definitive Articles from Harvard Business Review |
| 260 ## - PUBLICATION, DISTRIBUTION, ETC. | |
| Name of publisher, distributor, etc. | Harvard Business Review Press, |
| Date of publication, distribution, etc. | 2010 |
| 300 ## - PHYSICAL DESCRIPTION | |
| Extent | 200 |
| 520 ## - SUMMARY, ETC. | |
| Summary, etc. | How Will You Measure Your Life, Managing Oneself, Management Time: Who's Got the Monkey, How Resilience Works, Manage Your Energy and Not Your Time, Overloaded Circuits, Be a Better Leader and Have a Richer Life, Reclaim Your Job, Moments of Greatness: Entering the Fundamental State of Leadership, What to Ask the Person in the Mirror, Primal Leadership: The Hidden Driver of Great Performance, Index. |
| 942 ## - ADDED ENTRY ELEMENTS (KOHA) | |
| Koha item type | Books |
| Τύπος τεκμηρίου | Βιβλιοθήκη | Τρέχουσα τοποθεσία | Barcode | Αριθμός εισαγωγής | Ημερομηνία απόκτησης | Ταξιθετικό σύμβολο | Αριθμός αντιτύπου | Κατάσταση απόσυρσης | Κατάσταση χαμένου | Κατάσταση κατεστραμμένου | Μη δανεισμός | Σύνολο δανεισμών | Ημερομηνία τελευταίας εμφάνισης | Η τιμή ισχύει από |
|---|---|---|---|---|---|---|---|---|---|---|---|---|---|---|
| Books | MC Athens Campus Library | MC Athens Campus Library | 9780000097422 | 7858 | 05/06/2025 | REF 658.4 BHR | 1 | 05/06/2025 | 05/06/2025 |